| 000 | 00506nam a22001932 4500 | ||
|---|---|---|---|
| 001 | 0000002444 | ||
| 005 | 20170406114229.0 | ||
| 008 | 140312s xx 000 0 eng d | ||
| 020 | _c$ | ||
| 040 |
_aYour Holding Symbol _cYour Holding Symbol |
||
| 100 | 1 | _aBoland,R.G.A. | |
| 245 | 1 | 0 | _aDebit and credit. |
| 250 | _a ed. | ||
| 260 |
_aNorwich : _bThe English universties press, _c1970. |
||
| 300 |
_a144 p. ; _c cm. |
||
| 504 | _aindex. | ||
| 650 | 0 | _aaccounting. | |
| 908 | _a140312 | ||
| 999 |
_c2334 _d2334 |
||